LDR 00973naa#a2200169#i#450# 001 RU\\bibl\120350 005 20260603005747.3 011 ## _a2219-0767 100 ## _a20260424b2026####ek#y0rusy0150####ca 102 ## _aRU 200 1# _aМетод и архитектура адаптивной системы поддержки принятия решений на основе гибридного прогнозирования _eЖурнальная статья 210 1# _aВоронеж _cВоронежский государственный лесотехнический университет имени Г.Ф. Морозова _d2026 215 ## _a6 с. 608 ## _aЖурнальная статья _2local 675 ## _aПрикладные системы искусственного интеллекта. Интеллектуальные системы, обладающие знаниями. 004.89 _z 700 #1 _aХвалько _gДенис Тимурович 856 4# _anaukaru.ru _u